| 000 | 00980cam a2200277 a 4500 | ||
|---|---|---|---|
| 001 | 000024984 | ||
| 003 | DO-SdBNP | ||
| 005 | 20250918133617.0 | ||
| 008 | 901219s1999 sp 000 | spa d | ||
| 020 | _a843681388X | ||
| 040 |
_aDO-SdBNP _bspa _cBNPHU |
||
| 082 | 4 |
_a362.76 _bA779m _222 |
|
| 100 | 1 |
_aArruabarrena, Ma. Ignacia _951264 |
|
| 245 | 1 | 0 |
_aMaltrato a los niños en la familia : _bevaluación y tratamiento / _cMa. Ignacia Arruabarrena, Joaquín de Paúl; prólogo Miguel Costa Cabanillas. |
| 260 |
_aMadrid, (Venezuela) : _bEdiciones Pirámide, _c1999. |
||
| 300 |
_a186 p. ; _c20 cm. |
||
| 490 | 1 | _aOjos Solares. Tratamientos. | |
| 650 | 4 |
_aAbuso del niño _937210 |
|
| 650 | 0 |
_aAbuso del niño _937210 |
|
| 650 | 4 |
_aTrabajo social con niños _937211 |
|
| 650 | 0 |
_aViolencia conyugal _951266 |
|
| 700 | 1 |
_aPaúl, Joaquín de _951267 |
|
| 700 | 1 |
_aCosta Cabanillas, Miguel _epról. _951268 |
|
| 830 | 0 |
_aOjos solares. _pTratamientos. _951269 |
|
| 942 |
_2ddc _cLBS1 |
||
| 999 |
_c24477 _d24477 |
||